000 00658nam a2200217Ia 4500
003 OSt
005 20251008111116.0
008 220923b |||||||| |||| 00| 0 eng d
037 _cReference
040 _aRTL
_cRTL
_beng
041 _2eng
_aeng
084 _aX:3M24xM18 K9/SC
_qRTL
100 _aMclellan, David
_980083
245 0 _aThe Young hegelians and Karl marx
260 _aLondon
_bMacmillan
_c1969
300 _aix, 170 p.
_bIncludes bibliographical reference and index
650 _aInfluence
_9847696
650 _aEconomics
_9847697
942 _hX:3M24xM18 K9/SC
_cREF
_2CC
_n0
999 _c571095
_d571095